000
00323nam a22001217a 4500
999
_c
7908
_d
7909
008
190425b ||||| |||| 00| 0 eng d
082
_a
306 G29n 1957
100
_a
GEDDES, William Robert
245
_a
Nine Dayak nights.
260
_a
London;
_b
printed in U.S.A.,
_c
1968.
300
_a
xxxi. 144. p
_c
20 cm.
942
_2
ddc